[Event "Chigorin Memorial 31st"]
[Site "St Petersburg"]
[Date "2024.10.26"]
[Round "1"]
[White "Gidaspov, Alexander"]
[Black "Loktionov, Kirill"]
[Result "0-1"]
[WhiteElo "1708"]
[BlackElo "1992"]
[PlyCount "114"]
[EventDate "2024.10.26"]
[EventType "swiss"]
[EventRounds "9"]
[EventCountry "RUS"]
[SourceTitle "CB45_2024"]
[Source "ChessBase"]
[SourceDate "2024.11.06"]
[SourceVersion "1"]
[SourceVersionDate "2024.11.06"]
[SourceQuality "1"]

1. d4 d5 2. Bf4 e6 3. e3 Bd6 4. Bg3 c5 5. Nf3 Nc6 6. Bxd6 Qxd6 7. c3 Nf6 8. Nbd2 0-0 9. Bd3 e5 10. dxe5 Nxe5 11. Nxe5 Qxe5 12. Nf3 Qe7 13. h3 b5 14. 0-0 b4 15. cxb4 c4 16. Bc2 Qxb4 17. b3 a5 18. Nd4 Bd7 19. Rb1 c3 20. Re1 Rfe8 21. Bf5 Bxf5 22. Nxf5 g6 23. Nd4 Ne4 24. Qc2 Rac8 25. Rbd1 Rc5 26. Re2 Nd2 27. Ree1 Rec8 28. h4 h5 29. Ne6 Qg4 30. Nxc5 Nf3+ 31. Kf1 Nxe1 32. Rxe1 Rxc5 33. g3 Qh3+ 34. Ke2 Rc6 35. Rd1 Qg2 36. Rd4 Rf6 37. Rf4 Rxf4 38. exf4 d4 39. Qd3 Qd5 40. Kd1 Qh1+ 41. Ke2 Qd5 42. Kd1 a4 43. Qc2 Qf3+ 44. Kc1 Qh1+ 45. Qd1 Qxd1+ 46. Kxd1 axb3 47. axb3 f5 48. Kc2 Kf7 49. b4 Ke6 50. f3 Kd5 51. Kb3 Kc6 52. Kc2 Kb6 53. g4 Kc6 54. Kb3 Kb5 55. Ka3 d3 56. Kb3 d2 57. Kc2 Kxb4 0-1

[Event "St Petersburg Korchnoi Memorial op"]
[Site "St Petersburg"]
[Date "2024.08.20"]
[Round "7"]
[White "Kasperovich, Aleksandra"]
[Black "Gidaspov, Alexander"]
[Result "0-1"]
[WhiteElo "1570"]
[BlackElo "1754"]
[PlyCount "202"]
[EventDate "2024.08.17"]
[EventType "swiss"]
[EventRounds "9"]
[EventCountry "RUS"]
[SourceTitle "EXT 2025"]
[Source "ChessBase"]
[SourceDate "2024.10.14"]
[SourceVersion "1"]
[SourceVersionDate "2024.10.14"]
[SourceQuality "1"]

1. e4 b6 2. d4 Bb7 3. Nc3 e6 4. a3 d5 5. e5 c5 6. Nf3 Nc6 7. Bb5 a6 8. Bxc6+ Bxc6 9. 0-0 h6 10. Be3 Bb7 11. Qd2 Rc8 12. Ne2 Ne7 13. Ng3 Ng6 14. c3 a5 15. Rac1 Ba6 16. Rfe1 Bc4 17. h3 Ne7 18. Nh2 g6 19. Ng4 Ng8 20. Bf4 Ba6 21. Nf6+ Nxf6 22. exf6 Bd6 23. Be5 Bxe5 24. dxe5 Qd7 25. Rcd1 Bb5 26. b3 a4 27. c4 Bc6 28. cxd5 Qxd5 29. Qxd5 Bxd5 30. bxa4 0-0 31. Ne2 Rfd8 32. Nc3 Bb3 33. Rd6 Rxd6 34. exd6 Rd8 35. Rb1 c4 36. Ne4 Bc2 37. Re1 Bxa4 38. Rc1 Bb3 39. Rc3 b5 40. Nc5 Bd1 41. d7 Kh7 42. Kf1 g5 43. Ke1 Bh5 44. Rc2 Bg6 45. Rb2 e5 46. g4 Bd3 47. Rxb5 c3 48. Rb6 Bc4 49. a4 Kg6 50. a5 Be6 51. Rb7 Bd5 52. Rb6 Be6 53. a6 Bxd7 54. a7 c2 55. Nb3 Ra8 56. Ra6 Be6 57. Nc1 Bc4 58. Ra4 Bb5 59. Ra5 Bc6 60. Kd2 Be4 61. Ke3 Bg2 62. f3 Bxh3 63. Kf2 h5 64. gxh5+ Kxh5 65. Rxe5 Rxa7 66. f4 Ra1 67. Rxg5+ Kh6 68. Rg1 Bg4 69. Ke3 Bd1 70. Kd2 Ra6 71. Nd3 Rd6 72. Rg3 Rxf6 73. Rg1 Rd6 74. Rg3 Rg6 75. Rh3+ Kg7 76. Kc1 Rg1 77. Kd2 Rg2+ 78. Kc1 f6 79. Nb4 Kg6 80. Nd3 Kf5 81. Rh4 Ke4 82. Nc5+ Kd4 83. Nb3+ Ke3 84. f5 Rf2 85. Nd4 Rf4 86. Rxf4 Kxf4 87. Kd2 Ke5 88. Nb3 Kxf5 89. Ke3 Kg4 90. Kf2 Kf4 91. Nc1 Ke4 92. Nb3 Kd3 93. Kg3 Ke3 94. Kg2 f5 95. Kf1 f4 96. Nc1 Kd2 97. Nb3+ Kc3 98. Nc1 Kb2 99. Nd3+ Kb1 100. Kf2 c1Q 101. Nxc1 Kxc1 0-1

[Event "Moscow Time of the First U11"]
[Site "Moscow"]
[Date "2019.06.21"]
[Round "7"]
[White "Gidaspov, Alexander"]
[Black "Engelgardt, Sergey"]
[Result "0-1"]
[WhiteElo "1002"]
[BlackElo "1085"]
[PlyCount "52"]
[EventDate "2019.06.17"]
[EventType "swiss"]
[EventRounds "9"]
[EventCountry "RUS"]
[SourceTitle "EXT 2021"]
[Source "ChessBase"]
[SourceDate "2020.10.23"]
[SourceVersion "1"]
[SourceVersionDate "2020.10.23"]
[SourceQuality "1"]

1. e4 e5 2. Nf3 Nc6 3. Nc3 Bc5 4. Bc4 Nf6 5. d3 d6 6. Bg5 h6 7. Bxf6 Qxf6 8. Nd5 Qd8 9. 0-0 0-0 10. c3 Bg4 11. Ne3 Bh5 12. b4 Bb6 13. a4 a5 14. b5 Ne7 15. Rc1 Kh8 16. Kh1 f5 17. exf5 Nxf5 18. Nxf5 Rxf5 19. Bd5 Qd7 20. Bxb7 Rb8 21. Be4 Rg5 22. Qd2 Bxf3 23. Bxf3 Rf8 24. Rce1 Rxf3 25. g3 Qh3 26. Rg1 Rxf2 0-1